000 00459nam a2200157Ia 4500
008 210716s1999 xx 000 0 und d
020 _a0074635042
041 _aeng
082 _a658.3 ASWK
100 _aAswathappa, K
245 _aHuman resource and personnel management: text and cases
_bText and cases
250 _a2
260 _aNew Delhi
_bTata McGraw Hill Publishing Company Ltd
_c1999
300 _axiv,625
650 _aHuman Resource Management
999 _c201953
_d201953